Operations Research 1 Lineare Planungsrechnung und Netzplantechnik
Salvato in:
| Autore principale: | |
|---|---|
| Natura: | Libro |
| Lingua: | tedesco |
| Pubblicazione: |
Wiesbaden
Gabler
1990
|
| Edizione: | 5. verb. Aufl. |
| Soggetti: | |
| Tags: |
Nessun Tag, puoi essere il primo ad aggiungerne!!
|
MARC
| LEADER | 00000nam a2200000 4500 | ||
|---|---|---|---|
| 001 | c000182 | ||
| 005 | 20221215125425.3 | ||
| 020 | |a 3-409-30715-X | ||
| 041 | 0 | |a ger | |
| 044 | |a DE | ||
| 245 | 1 | 0 | |a Operations Research 1 |b Lineare Planungsrechnung und Netzplantechnik |c Bodo Runzheimer |
| 250 | |a 5. verb. Aufl. | ||
| 264 | 1 | |a Wiesbaden |b Gabler |c 1990 | |
| 300 | |a 227 s. | ||
| 610 | 2 | 0 | |a analýza operačná |
| 610 | 2 | 0 | |a modely ekonomicko-matematické |
| 610 | 2 | 0 | |a programovanie lineárne |
| 610 | 2 | 0 | |a metóda simplexová |
| 610 | 2 | 0 | |a procesy Markovove |
| 610 | 2 | 0 | |a metódy matematické |
| 610 | 2 | 0 | |a plánovanie |
| 100 | 1 | |a Runzheimer, Bodo | |